[Event "Michigan Class D/E"]
[Site "Grand Rapids, MI"]
[Date "1999.01.09"]
[Round "3"]
[White "Councell, Keith"]
[Black "Gregg, Ted"]
[Result "1-0"]
[WhiteElo "1605"]
[BlackElo "1605"]
[PlyCount "101"]
[EventDate "1999.01.09"]

1. e4 e5 2. Nf3 Nc6 3. Bc4 Bc5 4. d3 d6 5. Ng5 Nh6 6. Qh5 Qf6 7. Qf3 Qxf3 8.
Nxf3 Be6 9. Bxe6 fxe6 10. Bxh6 gxh6 11. c3 O-O-O 12. a4 a6 13. b4 Ba7 14. b5
Na5 15. Nbd2 Rhg8 16. O-O Rdf8 17. g3 h5 18. Kg2 c6 19. Rfb1 Rf7 20. bxc6 Nxc6
21. Rf1 d5 22. Ng1 h4 23. Nh3 hxg3 24. fxg3 Rfg7 25. exd5 exd5 26. Rf5 Be3 27.
Nf3 e4 28. dxe4 dxe4 29. Ne5 Re7 30. Re1 Rxe5 31. Rxe5 Nxe5 32. Rxe3 Rg4 33.
Nf2 Nc4 34. Nxg4 Nxe3+ 35. Nxe3 Kd7 36. Kf2 Ke6 37. Nd1 Ke5 38. Ke3 b5 39. axb5
axb5 40. Nf2 Kd5 41. Nxe4 Kc4 42. Nd6+ Kxc3 43. Nxb5+ Kc4 44. Nd6+ Kd5 45. Ne8
Ke5 46. Kf3 Kf5 47. h4 Kg6 48. Kf4 Kf7 49. Kg5 Kxe8 50. Kh6 Kf7 51. Kxh7 1-0

[Event "Michigan Masters/Experts"]
[Site "Grand Rapids, MI"]
[Date "1999.01.09"]
[Round "2.4"]
[White "Ciaffone, Bob"]
[Black "Ghobrial, Ameer"]
[Result "1/2-1/2"]
[WhiteElo "2200"]
[BlackElo "2107"]
[PlyCount "81"]
[EventDate "1999.01.09"]

1. d4 d5 2. c4 c6 3. Nc3 Nf6 4. e3 g6 5. Nf3 Bg7 6. Be2 O-O 7. O-O Nbd7 8. cxd5
cxd5 9. a4 Re8 10. b4 e5 11. dxe5 Nxe5 12. Nxe5 Rxe5 13. Bb2 Re7 14. Nb5 a6 15.
Nd4 Bd7 16. Qb3 Be8 17. Rac1 Ne4 18. Rfd1 Bh6 19. Nf3 Qb6 20. Bd4 Qe6 21. b5
axb5 22. axb5 Rd8 23. Rc2 Bg7 24. Bxg7 Kxg7 25. Qb2+ Kg8 26. Bc4 Red7 27. Ba2
Qb6 28. Nd4 Qd6 29. h3 Re7 30. Ne2 Qf6 31. Qxf6 Nxf6 32. Nd4 Rd6 33. Rdc1 Kg7
34. Rc7 Rdd7 35. b6 Kf8 36. Bb3 Rd6 37. Rxe7 Kxe7 38. Rc7+ Rd7 39. Rc8 Rd6 40.
Rc7+ Rd7 41. Rc8 1/2-1/2

[Event "Michigan Class B"]
[Site "Grand Rapids, MI"]
[Date "1999.01.09"]
[Round "1"]
[White "Carl, Kevin"]
[Black "McCarter, Robert"]
[Result "0-1"]
[WhiteElo "1705"]
[BlackElo "1605"]
[PlyCount "84"]
[EventDate "1999.01.09"]

1. e4 c5 2. Nc3 Nc6 3. f4 e6 4. Nf3 g6 5. d4 cxd4 6. Nxd4 Bg7 7. Ndb5 Nge7 8.
Nd6+ Kf8 9. Bc4 a6 10. O-O Qa5 11. Rf3 Nd4 12. Rd3 Qc5 13. Kh1 Qxd6 14. e5 Qc6
15. Rxd4 Nf5 16. Be2 Nxd4 17. Qxd4 d5 18. Be3 Kg8 19. Na4 b5 20. Nb6 Rb8 21. a4
bxa4 22. Nxa4 Bf8 23. Nb6 Kg7 24. c3 Be7 25. Bxa6 Bxa6 26. Rxa6 Qb5 27. Ra7 Bd8
28. Na4 Rc8 29. b4 Qf1+ 30. Bg1 Rc4 31. Qd2 Rxf4 32. b5 Rxa4 33. Rxa4 Bb6 34.
Rd4 Bxd4 35. Qxd4 Qxb5 36. h4 Rc8 37. Qd2 Qc4 38. Bd4 Qf1+ 39. Kh2 Ra8 40. h5
Qf5 41. h6+ Kg8 42. Kg3 g5 0-1

[Event "Michigan Class C"]
[Site "Grand Rapids, MI"]
[Date "1999.01.09"]
[Round "1"]
[White "Burnham, Kim"]
[Black "Reist, Douglas"]
[Result "0-1"]
[WhiteElo "1605"]
[BlackElo "1605"]
[PlyCount "76"]
[EventDate "1999.01.09"]

1. d4 Nf6 2. c4 g6 3. Nc3 Bg7 4. e4 d6 5. Nf3 O-O 6. Bf4 Nh5 7. Qd2 Nxf4 8.
Qxf4 Nd7 9. d5 e6 10. Bd3 Nc5 11. Qe3 exd5 12. cxd5 Re8 13. O-O f5 14. Nd2 a6
15. Rac1 b5 16. b4 Nd7 17. Nb3 Nf6 18. f3 Qe7 19. Rfe1 Bb7 20. Ne2 fxe4 21.
fxe4 Bxd5 22. Ned4 Bb7 23. Nc6 Qf8 24. Qf3 Bc8 25. h3 Be6 26. e5 dxe5 27. Nxe5
Bxb3 28. axb3 Qxb4 29. Be4 Nxe4 30. Rxe4 Qe7 31. Rce1 Qc5+ 32. Kh1 Re7 33. Nd3
Rxe4 34. Nxc5 Rxe1+ 35. Kh2 Be5+ 36. g3 Re8 37. Nd3 Bxg3+ 38. Qxg3 R1e3 0-1

[Event "Michigan Class C"]
[Site "Grand Rapids, MI"]
[Date "1999.01.09"]
[Round "3"]
[White "Burnham, Kim"]
[Black "Filkins, Kenn"]
[Result "1/2-1/2"]
[WhiteElo "1605"]
[BlackElo "1605"]
[PlyCount "80"]
[EventDate "1999.01.09"]

1. d4 Nf6 2. c4 g6 3. Nc3 Bg7 4. e4 d6 5. Nf3 O-O 6. Be2 Nbd7 7. O-O e5 8. Be3
b6 9. Qc2 Bb7 10. Rfd1 Qe7 11. h3 Nh5 12. dxe5 dxe5 13. Rab1 Nf4 14. Nd5 Nxe2+
15. Qxe2 Bxd5 16. cxd5 Nf6 17. Qc2 Rfd8 18. Ne1 Ne8 19. b4 Nd6 20. f3 Rac8 21.
b5 f5 22. Qd3 Bf6 23. Nc2 fxe4 24. fxe4 Nb7 25. Nb4 Na5 26. Nc6 Nxc6 27. bxc6
Qe8 28. Qa6 Ra8 29. a4 Be7 30. Bd2 Bc5+ 31. Kh1 Qe7 32. a5 g5 33. Qe2 h6 34.
Qg4 Rd6 35. axb6 axb6 36. Ra1 Rf8 37. Rf1 Kg7 38. Rxf8 Qxf8 39. Rb1 Rf6 40. Qe2
Kg6 1/2-1/2

[Event "Michigan Class A"]
[Site "Grand Rapids, MI"]
[Date "1999.01.09"]
[Round "3"]
[White "Brumley, Ron"]
[Black "Sellers, Matt"]
[Result "0-1"]
[WhiteElo "1825"]
[BlackElo "1930"]
[PlyCount "62"]
[EventDate "1999.01.09"]

1. d4 Nf6 2. Nf3 e6 3. Bg5 c5 4. e3 Qb6 5. c3 Qxb2 6. Bxf6 Qxa1 7. Qc2 gxf6 8.
Nfd2 c4 9. Be2 b5 10. O-O Bb7 11. Nf3 Nc6 12. Nbd2 Qxf1+ 13. Kxf1 f5 14. a4 a6
15. Qb1 Rg8 16. axb5 axb5 17. Qxb5 Ra1+ 18. Nb1 Na5 19. Qb2 Nb3 20. Bxc4 Be4
21. Nfd2 Nxd2+ 22. Qxd2 Rxb1+ 23. Ke2 Ba3 24. g3 Rb2 25. Qxb2 Bxb2 26. Kd2 Ke7
27. Bd3 Bxd3 28. Kxd3 d5 29. Kc2 Ba1 30. Kb1 Rb8+ 31. Kxa1 Kd6 0-1

[Event "Michigan Class C"]
[Site "Grand Rapids, MI"]
[Date "1999.01.09"]
[Round "1"]
[White "Bloch, Hermann"]
[Black "Jensen, David"]
[Result "1/2-1/2"]
[WhiteElo "1605"]
[BlackElo "1605"]
[PlyCount "120"]
[EventDate "1999.01.09"]

1. d4 Nf6 2. c4 e6 3. Nf3 d5 4. e3 c5 5. Bd3 Nc6 6. b3 Bd7 7. Nbd2 Nb4 8. Bb1
b5 9. a3 Na6 10. cxd5 exd5 11. dxc5 Nxc5 12. b4 Na4 13. Qb3 Rc8 14. Bb2 Nxb2
15. Qxb2 Qc7 16. O-O Be7 17. Bd3 Qc3 18. Qxc3 Rxc3 19. Be2 Bd6 20. Rfc1 Rxc1+
21. Rxc1 Ke7 22. Bd3 a6 23. Nb3 Rc8 24. Rxc8 Bxc8 25. Nfd4 Bd7 26. f3 g6 27. g4
Ne8 28. Kg2 Nc7 29. h4 Ne6 30. h5 Nxd4 31. exd4 Bf4 32. hxg6 hxg6 33. Kf2 Kf6
34. Ke2 Kg5 35. Nc5 Bc8 36. a4 bxa4 37. Nxa4 Bd7 38. Nc5 Bb5 39. Nxa6 Bxa6 40.
Bxa6 Kf6 41. Bb7 Ke6 42. Kd3 g5 43. Kc3 Bc7 44. b5 Bb6 45. Bc8+ Kd6 46. Kd3 Kc7
47. Bf5 Kd6 48. Ke3 f6 49. Bh7 Ba7 50. Bg6 Ke7 51. f4 gxf4+ 52. Kxf4 Bxd4 53.
Kf5 Bb6 54. Bh7 Kf7 55. Bg6+ Ke7 56. Kf4 Ba7 57. Bb1 Ke6 58. Bh7 Bb8+ 59. Ke3
Ba7+ 60. Kd3 Ke5 1/2-1/2

[Event "Michigan Class C"]
[Site "Grand Rapids, MI"]
[Date "1999.01.09"]
[Round "3"]
[White "Bloch, Hermann"]
[Black "Belill, Mike"]
[Result "0-1"]
[WhiteElo "1605"]
[BlackElo "1605"]
[PlyCount "122"]
[EventDate "1999.01.09"]

1. d4 Nf6 2. c4 e6 3. Nc3 Bb4 4. Bd2 d5 5. c5 Bxc3 6. Bxc3 Nbd7 7. e3 Ne4 8.
Bb4 a5 9. Ba3 c6 10. Bd3 O-O 11. Ne2 e5 12. Bxe4 dxe4 13. d5 Re8 14. d6 a4 15.
Nc3 f5 16. Nxa4 Qg5 17. O-O Re6 18. Qb3 Rxa4 19. Qxe6+ Kf8 20. Rac1 f4 21. f3
Ra8 22. fxe4 Nf6 23. Qe7+ Kg8 24. exf4 exf4 25. e5 Bh3 26. Rc2 Re8 27. Qxb7
Rxe5 28. Qxc6 h5 29. Qf3 Bf5 30. Qxf4 Bxc2 31. Qc4+ Nd5 32. Qxc2 Ne3 33. Qb3+
Kh7 34. Qd3+ g6 35. Rf2 Rd5 36. Qe2 Rd1+ 37. Qxd1 Nxd1 38. Re2 Qg4 39. Kf1 Qf4+
40. Ke1 Qc1 41. Re7+ Kh6 42. d7 Nc3+ 43. Kf2 Qd2+ 44. Kf3 Qd3+ 45. Kf2 Qd4+ 46.
Re3 Nd1+ 47. Ke2 Nxe3 48. d8=Q Qxd8 49. Kxe3 Qd5 50. Kf2 Qxa2 51. h3 Qb3 52.
Kg1 Kg5 53. c6 Qb6+ 54. Kf1 Qxc6 55. Be7+ Kf5 56. Ba3 Ke4 57. Kf2 Qc2+ 58. Kg3
Qd3+ 59. Kh2 Ke3 60. Bc5+ Ke2 61. b4 Kf1 0-1

[Event "Michigan Class B"]
[Site "Grand Rapids, MI"]
[Date "1999.01.09"]
[Round "1"]
[White "Blaine, Roger"]
[Black "Parker, Harvard"]
[Result "1-0"]
[WhiteElo "1720"]
[BlackElo "1635"]
[PlyCount "51"]
[EventDate "1999.01.09"]

1. f4 d5 2. Nf3 g6 3. e3 Bg7 4. Be2 c5 5. O-O Nf6 6. c3 O-O 7. d4 Nbd7 8. Nbd2
b6 9. Ne5 Bb7 10. Qe1 Ne4 11. Bd3 f6 12. Nxd7 Qxd7 13. Qe2 Nxd2 14. Bxd2 e5 15.
fxe5 fxe5 16. dxe5 Bxe5 17. Kh1 Qc7 18. Qg4 Rae8 19. Rae1 Kg7 20. Rxf8 Rxf8 21.
e4 Bxh2 22. exd5 Bxd5 23. Qh4 Bg3 24. Re7+ Rf7 25. Bh6+ Kg8 26. Re8+ 1-0

[Event "Michigan Class D/E"]
[Site "Grand Rapids, MI"]
[Date "1999.01.09"]
[Round "1"]
[White "Besher, Al"]
[Black "Bainbridge, Chris"]
[Result "1-0"]
[WhiteElo "1605"]
[BlackElo "1605"]
[PlyCount "114"]
[EventDate "1999.01.09"]

1. e4 e6 2. Nf3 d5 3. e5 Nc6 4. d4 Nge7 5. Bd3 Nb4 6. Bb5+ Bd7 7. Qe2 a6 8.
Bxd7+ Qxd7 9. c3 Nbc6 10. O-O O-O-O 11. b4 Na7 12. Qd3 h6 13. Nbd2 Qb5 14. Qc2
Nf5 15. a4 Qd7 16. Nb3 b6 17. Qd3 Qc6 18. Qxa6+ Kb8 19. Qd3 Be7 20. a5 b5 21.
a6 Qc4 22. Qc2 Bxb4 23. Bd2 Rc8 24. Na5 Bxa5 25. Rxa5 c5 26. Qb2 cxd4 27. Nxd4
Nxd4 28. cxd4 Qc6 29. Rc1 Qb6 30. Rb1 Kc7 31. Bb4 Kd7 32. Bd2 Rc4 33. Rba1 Rhc8
34. Qb3 Rxd4 35. Be3 Rcc4 36. h3 Qc5 37. Bxd4 Rxd4 38. Qe3 Qb4 39. Qf3 Ke7 40.
Qa3 Qxa3 41. R5xa3 Re4 42. Rc3 Kd7 43. Rac1 Rc4 44. Rxc4 bxc4 45. Kf1 Kc6 46.
Ke2 d4 47. Rxc4+ Kd5 48. Rc7 Nb5 49. Rb7 Nc3+ 50. Kd3 Na4 51. a7 Nc5+ 52. Kd2
Nxb7 53. a8=Q Kc6 54. Kd3 Kc7 55. Kxd4 f6 56. exf6 gxf6 57. Qh8 e5+ 1-0

[Event "Michigan Class C"]
[Site "Grand Rapids, MI"]
[Date "1999.01.09"]
[Round "1"]
[White "Belill, Nathan"]
[Black "Griffin, John"]
[Result "1-0"]
[WhiteElo "1605"]
[BlackElo "1605"]
[PlyCount "119"]
[EventDate "1999.01.09"]

1. e4 c5 2. Nf3 Nc6 3. d4 cxd4 4. Nxd4 Nf6 5. Nc3 e5 6. Ndb5 d6 7. Nd5 Nxd5 8.
exd5 Nb8 9. Be3 a6 10. Nc3 Be7 11. Bd3 O-O 12. a4 f5 13. a5 f4 14. Bd2 Nd7 15.
Ne4 Nf6 16. Nxf6+ Rxf6 17. c4 Bf5 18. Bxf5 Rxf5 19. Qc2 Rf7 20. Ra3 Qc7 21. Rh3
g6 22. O-O Rc8 23. b3 Qd7 24. Qe4 Qf5 25. Qxf5 Rxf5 26. Re1 Rb8 27. Rf3 b6 28.
axb6 Rxb6 29. b4 Bf8 30. Ra3 g5 31. Rea1 Rf7 32. Rxa6 Rbb7 33. Rc6 Ra7 34. Raa6
e4 35. b5 e3 36. Be1 g4 37. Rxa7 Rxa7 38. Ra6 Rc7 39. Ra4 Rb7 40. fxe3 fxe3 41.
Kf1 Bg7 42. Ke2 Bd4 43. Bg3 Rf7 44. Ra6 Bc5 45. Ra1 Kg7 46. Rb1 Ra7 47. Rb2 Kf6
48. Bf4 Kf5 49. Bxe3 Bxe3 50. Kxe3 Ke5 51. b6 Rb7 52. g3 h6 53. Kd3 Kf6 54. Kd4
Ke7 55. c5 dxc5+ 56. Kxc5 Kd7 57. Ra2 Rb8 58. Ra7+ Kc8 59. Kc6 Kd8 60. b7 1-0

[Event "Michigan Class C"]
[Site "Grand Rapids, MI"]
[Date "1999.01.09"]
[Round "1"]
[White "Belill, Mike"]
[Black "Avery, Bill"]
[Result "0-1"]
[WhiteElo "1605"]
[BlackElo "1605"]
[PlyCount "56"]
[EventDate "1999.01.09"]

1. Nf3 d5 2. g3 Nf6 3. Bg2 e6 4. d3 c5 5. O-O Nc6 6. Nbd2 Be7 7. e4 O-O 8. Nh4
dxe4 9. dxe4 e5 10. Ndf3 Bg4 11. Qe1 Qc7 12. h3 Be6 13. Ng5 Bc4 14. Nf5 Bxf1
15. Bxf1 Nd4 16. Nxg7 Kxg7 17. Bc4 h6 18. Qe3 hxg5 19. Qxg5+ Kh8 20. Qh6+ Nh7
21. Qh5 Qd6 22. Bxf7 Qf6 23. f4 Qxf7 24. Qxe5+ Qf6 25. Qh5 Rg8 26. f5 Rxg3+ 27.
Kf2 Rag8 28. Bf4 Rf3+ 0-1

[Event "Michigan Class B"]
[Site "Grand Rapids, MI"]
[Date "1999.01.09"]
[Round "2"]
[White "Barta, Roger"]
[Black "Moore, Robert"]
[Result "0-1"]
[WhiteElo "1715"]
[BlackElo "1605"]
[PlyCount "88"]
[EventDate "1999.01.09"]

1. e4 c5 2. Nc3 d6 3. g3 Nf6 4. Bg2 Nc6 5. d3 g6 6. f4 Bg7 7. Nf3 O-O 8. O-O a6
9. Be3 Ng4 10. Qd2 b5 11. Rab1 Nxe3 12. Qxe3 Be6 13. Nd5 Bxd5 14. exd5 Nb4 15.
Qd2 Nxd5 16. Ng5 Bd4+ 17. Kh1 Ne3 18. Rfe1 Nxg2 19. Qxg2 Qd7 20. Qe4 Bf6 21.
Nf3 d5 22. Qe2 Rad8 23. Ne5 Bxe5 24. Qxe5 e6 25. Rbd1 d4 26. Qxc5 Rc8 27. Qe5
Rxc2 28. Re2 Rxe2 29. Qxe2 Qd5+ 30. Qe4 Qxe4+ 31. dxe4 Rd8 32. e5 f6 33. exf6
Kf7 34. Kg2 Kxf6 35. Kf3 h5 36. Ke4 d3 37. Rxd3 Rxd3 38. Kxd3 Kf5 39. Ke3 Kg4
40. Kf2 Kh3 41. Kg1 h4 42. Kf2 Kxh2 43. gxh4 Kh3 44. f5 exf5 0-1

[Event "Michigan Beginners"]
[Site "Grand Rapids, MI"]
[Date "1999.01.09"]
[Round "2"]
[White "Ball, Jason"]
[Black "Wood, Paul"]
[Result "1-0"]
[WhiteElo "1605"]
[BlackElo "1605"]
[PlyCount "83"]
[EventDate "1999.01.09"]

1. e4 e5 2. Nf3 Nc6 3. Bc4 Nf6 4. Nc3 Bc5 5. O-O d6 6. Ng5 O-O 7. Nd5 Nxd5 8.
exd5 Nd4 9. Bd3 f5 10. Qh5 h6 11. c3 e4 12. cxd4 hxg5 13. Bc4 Bxd4 14. d3 Bf6
15. dxe4 fxe4 16. Rb1 Bf5 17. b4 Qe7 18. Rb3 g6 19. Qh6 Rf7 20. Rh3 Rd8 21.
Bxg5 Rh7 22. Qxh7+ Qxh7 23. Rxh7 Bxg5 24. Rxc7 Rb8 25. f3 Be3+ 26. Kh1 exf3 27.
Rxf3 Bb6 28. Re7 Rc8 29. Rf4 g5 30. Rxf5 Rxc4 31. h3 Rxb4 32. Rxg5+ Kf8 33.
Rxb7 Ra4 34. Rh5 Bd4 35. Rh6 Be5 36. g4 Rxa2 37. Rhh7 Ra1+ 38. Kg2 Ra2+ 39. Kf3
Ra3+ 40. Ke4 Ra4+ 41. Kf5 Rf4+ 42. Kg5 {[Remainder illegible]} 1-0

[Event "Michigan Beginners"]
[Site "Grand Rapids, MI"]
[Date "1999.01.09"]
[Round "3"]
[White "Ball, Jason"]
[Black "Hall, Derick"]
[Result "0-1"]
[WhiteElo "1605"]
[BlackElo "1605"]
[PlyCount "72"]
[EventDate "1999.01.09"]

1. e4 e5 2. Nf3 Bc5 3. Bc4 d6 4. h3 Qe7 5. d3 h6 6. O-O Be6 7. Nbd2 Nf6 8. Bxe6
Qxe6 9. c3 Nc6 10. b4 Bb6 11. b5 Ne7 12. d4 exd4 13. Nxd4 Bxd4 14. cxd4 Nxe4
15. Re1 d5 16. f3 Nc3 17. Rxe6 Nxd1 18. Re1 Nc3 19. a4 Kd7 20. Bb2 Nxa4 21.
Rxa4 Rhe8 22. g4 Ng6 23. Rxe8 Rxe8 24. Rxa7 b6 25. Ra1 Nf4 26. Bc3 Ne2+ 27. Kf1
Nxc3 28. h4 Nxb5 29. Ra4 Nc3 30. Ra1 Ne2 31. Kg2 Nxd4 32. Kg3 g5 33. f4 Re3+
34. Kf2 Re2+ 35. Kf1 Rxd2 36. hxg5 hxg5 0-1

[Event "Michigan Class D/E"]
[Site "Grand Rapids, MI"]
[Date "1999.01.09"]
[Round "2"]
[White "Bainbridge, Chris"]
[Black "Russell, Scott"]
[Result "0-1"]
[WhiteElo "1605"]
[BlackElo "1605"]
[PlyCount "72"]
[EventDate "1999.01.09"]

1. e4 d5 2. exd5 Nf6 3. Bb5+ Bd7 4. Bxd7+ Qxd7 5. c4 c6 6. dxc6 Nxc6 7. Nf3 Qg4
8. O-O Qxc4 9. Re1 O-O-O 10. Ne5 Nxe5 11. Rxe5 Ng4 12. b3 Qd4 13. Rf5 e6 14.
Qc2+ Kb8 15. Rxf7 Bc5 16. Ba3 Rc8 17. Bxc5 Rxc5 18. Qd1 Qxa1 19. g3 Ne5 20.
Rxg7 Nf3+ 21. Qxf3 Rc1+ 22. Kg2 Qxg7 23. Qf4+ e5 24. Qe4 Rd8 25. d4 Rxd4 26.
Qf5 Rdd1 27. Na3 Rg1+ 28. Kf3 Rc3+ 29. Ke2 Qe7 30. Nb5 Rc5 31. a4 Rgc1 32. Kd3
e4+ 33. Qxe4 Rd1+ 34. Ke2 Qxe4+ 35. Kxd1 Qd3+ 36. Ke1 Rc1# 0-1

[Event "Michigan Class D/E"]
[Site "Grand Rapids, MI"]
[Date "1999.01.09"]
[Round "3"]
[White "Bainbridge, Chris"]
[Black "Choate, Eric"]
[Result "0-1"]
[WhiteElo "1605"]
[BlackElo "1605"]
[PlyCount "84"]
[EventDate "1999.01.09"]

1. e4 e5 2. Nf3 d6 3. d4 exd4 4. Nxd4 Nf6 5. Bd3 Be7 6. O-O Nbd7 7. Bf4 Nc5 8.
Nc3 O-O 9. Re1 a6 10. Nd5 Nxd5 11. exd5 Bg5 12. Qf3 Qf6 13. Bxg5 Qxg5 14. Bf5
Bxf5 15. Nxf5 Rfe8 16. h4 Qf6 17. Rab1 Rxe1+ 18. Rxe1 Qxb2 19. Qe3 Qb5 20. c4
Qd7 21. Qe7 h6 22. h5 Qxf5 23. Qxc7 Qd7 24. Qb6 Nd3 25. Re2 Nf4 26. Re3 Nxh5
27. Qd4 Nf6 28. Rg3 Kf8 29. c5 dxc5 30. Qxc5+ Kg8 31. Qd4 Kh8 32. a4 Qxd5 33.
Qf4 Nh5 34. Qf3 Qxf3 35. Rxf3 Kg8 36. Rb3 Rb8 37. a5 Nf6 38. Kf1 Ne4 39. Ke2 f5
40. f3 Nd6 41. Rb6 Nc4 42. Re6 Kf7 0-1

[Event "Michigan Class A"]
[Site "Grand Rapids, MI"]
[Date "1999.01.09"]
[Round "3"]
[White "Bailey, Greg"]
[Black "Vandivier, Don"]
[Result "1-0"]
[WhiteElo "1917"]
[BlackElo "1932"]
[PlyCount "61"]
[EventDate "1999.01.09"]

1. f4 c5 2. Nf3 Nc6 3. g3 g6 4. Bg2 Bg7 5. e4 d6 6. O-O Bg4 7. h3 Bd7 8. c3 Qc8
9. Kh2 h5 10. d4 cxd4 11. cxd4 e5 12. fxe5 dxe5 13. d5 Nd4 14. Nxd4 exd4 15.
Qf3 Nf6 16. Bg5 Ng4+ 17. Kg1 Ne5 18. Qa3 Bf8 19. Qb3 Bxh3 20. Bf6 Bxg2 21. Kxg2
Ng4 22. Bxh8 Ne3+ 23. Kg1 Qh3 24. Qb5+ Kd8 25. Bf6+ Be7 26. Bxe7+ Kxe7 27.
Qxb7+ Kd8 28. Qxa8+ Ke7 29. Qxa7+ Kd8 30. Qb8+ Ke7 31. Qc7+ 1-0

[Event "Michigan Class A"]
[Site "Grand Rapids, MI"]
[Date "1999.01.09"]
[Round "1"]
[White "Bailey, Greg"]
[Black "Skidmore, Mike"]
[Result "0-1"]
[WhiteElo "1915"]
[BlackElo "1830"]
[PlyCount "92"]
[EventDate "1999.01.09"]

1. Nf3 c6 2. e4 d5 3. Nc3 dxe4 4. Nxe4 Bf5 5. Ng3 Bg6 6. h4 h6 7. Bc4 Nd7 8. h5
Bh7 9. c3 e6 10. d4 Ngf6 11. Qe2 Be7 12. Bd2 O-O 13. O-O Nb6 14. Bxe6 fxe6 15.
Qxe6+ Kh8 16. Ne5 Qe8 17. Rfe1 Nc8 18. Qb3 Nb6 19. Qe6 Nfd5 20. c4 Bb4 21. Qxe8
Raxe8 22. Bxb4 Nxb4 23. c5 N6d5 24. Ne4 Bxe4 25. Rxe4 Kg8 26. f3 Rf4 27. a3
Rxe4 28. fxe4 Nc2 29. Rd1 Nde3 30. Rd3 Rd8 31. Kf2 Rf8+ 32. Nf3 Ng4+ 33. Ke2
Nf6 34. Kd2 Na1 35. e5 Nxh5 36. Kc3 Nf4 37. Rd1 Nd5+ 38. Kd3 Nb3 39. Rg1 b6 40.
cxb6 axb6 41. Kc4 Na5+ 42. Kd3 Nf4+ 43. Ke4 g5 44. g3 Ne6 45. b4 Nb3 46. Rb1
Rxf3 0-1

[Event "Michigan Class C"]
[Site "Grand Rapids, MI"]
[Date "1999.01.09"]
[Round "2"]
[White "Avery, Bill"]
[Black "Belill, Nathan"]
[Result "0-1"]
[WhiteElo "1605"]
[BlackElo "1605"]
[PlyCount "70"]
[EventDate "1999.01.09"]

1. d4 Nf6 2. Nf3 d5 3. Bg5 Ne4 4. Bf4 e6 5. e3 c5 6. c3 Nc6 7. Nbd2 Nxd2 8.
Qxd2 Bd7 9. Bd3 Be7 10. Qc2 h6 11. g4 Rc8 12. h4 cxd4 13. exd4 Bf6 14. Ne5 Nxd4
15. Qd1 Nc6 16. Qe2 Bxh4 17. Ng6 fxg6 18. Bxg6+ Kf8 19. Bd6+ Kg8 20. O-O-O Qg5+
21. Rd2 Qxg6 22. Rxh4 Qf6 23. Rh3 Kh7 24. Rdd3 Qg6 25. f4 Rhe8 26. g5 e5 27.
Rxh6+ gxh6 28. Rxd5 exf4 29. Qh2 Re1+ 30. Kd2 Rce8 31. Qxh6+ Qxh6 32. gxh6
R8e2+ 33. Kd3 Rd1+ 34. Kxe2 Rxd5 35. Bxf4 Ne5 0-1

[Event "Michigan Class C"]
[Site "Grand Rapids, MI"]
[Date "1999.01.09"]
[Round "2"]
[White "Asbury, Victor"]
[Black "Johnson, Donta"]
[Result "0-1"]
[WhiteElo "1605"]
[BlackElo "1605"]
[PlyCount "96"]
[EventDate "1999.01.09"]

1. c4 Nf6 2. Nc3 g6 3. g3 Bg7 4. Bg2 O-O 5. d4 d6 6. e4 Nbd7 7. Nge2 Re8 8. O-O
e5 9. d5 a5 10. Bd2 Nc5 11. a3 a4 12. Rb1 Nh5 13. Be3 f5 14. Bxc5 dxc5 15. Nxa4
f4 16. Nxc5 b6 17. Nd3 Rf8 18. f3 fxg3 19. hxg3 Qg5 20. Qc1 Qe7 21. c5 Ba6 22.
Qd2 Bxd3 23. Qxd3 Qxc5+ 24. Kh2 Rad8 25. Rbc1 Qd6 26. Rc6 Qxc6 27. dxc6 Rxd3
28. Nc3 Rd6 29. Nd5 Nf6 30. Nxc7 Rxc6 31. Nb5 Rc2 32. Rd1 Rxb2 33. Nc3 Rb3 34.
Nd5 Nxd5 35. exd5 Rxa3 36. d6 Rd8 37. d7 Ra2 38. Kg1 Rxg2+ 39. Kxg2 Kf7 40. Rd6
Ke7 41. Rxb6 Rxd7 42. Kf2 e4 43. fxe4 Bd4+ 44. Kf3 Bxb6 45. Kf4 h6 46. g4 Rd4
47. Ke5 Rd3 48. g5 Bc7# 0-1

[Event "Michigan Class C"]
[Site "Grand Rapids, MI"]
[Date "1999.01.09"]
[Round "3"]
[White "Asbury, Victor"]
[Black "Griffin, John"]
[Result "1-0"]
[WhiteElo "1605"]
[BlackElo "1605"]
[PlyCount "107"]
[EventDate "1999.01.09"]

1. c4 c5 2. Nc3 Nc6 3. g3 g6 4. Bg2 Bg7 5. Nf3 Nd4 6. O-O Nxf3+ 7. Bxf3 e6 8.
e4 d6 9. d3 a6 10. Be3 Rb8 11. Qd2 Ne7 12. Rad1 Nc6 13. Ne2 b5 14. b3 Nd4 15.
Nxd4 cxd4 16. Bh6 Bxh6 17. Qxh6 Qf6 18. Bg2 Ke7 19. f4 g5 20. Qxf6+ Kxf6 21.
fxg5+ Kg7 22. Rf2 e5 23. Rdf1 Be6 24. Rf6 Rb7 25. h4 bxc4 26. dxc4 Rd8 27. Kh2
Bg4 28. Bf3 Be6 29. Bd1 a5 30. g4 Rc7 31. h5 Rdd7 32. Kg3 Bxc4 33. bxc4 Rxc4
34. Bb3 Rc3+ 35. Kh4 Rcc7 36. g6 hxg6 37. hxg6 fxg6 38. Kg5 Rd8 39. Rxg6+ Kh8
40. Rh1+ Rh7 41. Rgh6 Rxh6 42. Kxh6 Rg8 43. Kh5 Rg7 44. Rf1 Ra7 45. Rf8+ Kg7
46. Rg8+ Kh7 47. g5 Rg7 48. g6+ Rxg6 49. Rxg6 d5 50. Bxd5 a4 51. Bg8+ Kh8 52.
Kh6 a3 53. Bb3 d3 54. Rg8# 1-0

[Event "Michigan Class B"]
[Site "Grand Rapids, MI"]
[Date "1999.01.09"]
[Round "2"]
[White "Anderson, Gale"]
[Black "Dorrington, Eldon"]
[Result "1/2-1/2"]
[WhiteElo "1750"]
[BlackElo "1605"]
[PlyCount "98"]
[EventDate "1999.01.09"]

1. d4 Nf6 2. c4 g6 3. Nc3 Bg7 4. e4 d6 5. Bd3 e5 6. d5 O-O 7. Nf3 Nbd7 8. b4 a5
9. b5 Nc5 10. Bc2 b6 11. O-O Ne8 12. Bg5 f6 13. Bd2 Qe7 14. Rc1 g5 15. Na4 Nb7
16. Be3 h6 17. Qd2 f5 18. exf5 Bxf5 19. Bb3 Nf6 20. c5 Ne4 21. Qd1 bxc5 22.
Nxc5 Nexc5 23. Bxc5 a4 24. Be3 axb3 25. Qxb3 Qd7 26. a4 Na5 27. Qd1 Bg4 28. Qc2
Rxf3 29. gxf3 Bxf3 30. Rfd1 Qg4+ 31. Kf1 Bxd1 32. Rxd1 Qc4+ 33. Qe2 Qxe2+ 34.
Kxe2 Nc4 35. Ra1 Nxe3 36. Kxe3 Kf7 37. a5 Kg6 38. Ke4 g4 39. Ra3 Bf6 40. a6 Bg5
41. Rc3 Ra7 42. Rxc7 Rxc7 43. b6 Rc4+ 44. Kd3 Bd8 45. a7 Rd4+ 46. Kc3 Bxb6 47.
a8=Q Bc5 48. Qe8+ Kg7 49. Qe7+ Kg6 1/2-1/2

[Event "Michigan Class C"]
[Site "Grand Rapids, MI"]
[Date "1999.01.09"]
[Round "2"]
[White "Aldrich, Justin"]
[Black "Belill, Mike"]
[Result "1/2-1/2"]
[WhiteElo "1605"]
[BlackElo "1605"]
[PlyCount "76"]
[EventDate "1999.01.09"]

1. e4 e5 2. Nf3 Nc6 3. Bc4 Bc5 4. O-O Nf6 5. d3 h6 6. Nc3 d6 7. h3 a6 8. a3 Qe7
9. Re1 Be6 10. Bxe6 Qxe6 11. Be3 Bxe3 12. Rxe3 O-O 13. Nh4 Ne7 14. Rf3 d5 15.
exd5 Nfxd5 16. Nxd5 Qxd5 17. Nf5 Nxf5 18. Rxf5 Rad8 19. Qe2 Rfe8 20. Re1 f6 21.
Qg4 Kh8 22. Re4 c5 23. Rh5 Qf7 24. Rc4 Rd4 25. Rxd4 cxd4 26. Qe2 Rc8 27. Rh4
Qc7 28. c3 dxc3 29. Rc4 cxb2 30. Qxb2 Qd7 31. Rb4 b5 32. d4 Rc4 33. dxe5 Rxb4
34. axb4 fxe5 35. Qxe5 Qd1+ 36. Kh2 Qd2 37. Qe8+ Kh7 38. Qe4+ Kh8 1/2-1/2

[Event "Michigan Masters/Experts"]
[Site "Grand Rapids, MI"]
[Date "1999.01.09"]
[Round "2.3"]
[White "Aldrich, Jeff"]
[Black "Rajlich, Vasik"]
[Result "0-1"]
[WhiteElo "2015"]
[BlackElo "2293"]
[PlyCount "56"]
[EventDate "1999.01.09"]

1. d4 Nf6 2. c4 g6 3. Nc3 Bg7 4. e4 d6 5. f3 O-O 6. Be3 c5 7. d5 e6 8. Qd2 exd5
9. cxd5 a6 10. a4 h5 11. Be2 Nh7 12. h4 Nd7 13. g4 Ne5 14. gxh5 gxh5 15. Bh6 f5
16. Rh2 Rf7 17. Ra3 Kh8 18. Bg5 Qe8 19. Rg2 Rb8 20. Kd1 b5 21. axb5 axb5 22.
Ra5 c4 23. exf5 Bxf5 24. Ne4 Bxe4 25. fxe4 b4 26. Bh6 c3 27. bxc3 bxc3 28. Qc1
c2+ 0-1

[Event "Michigan Class B"]
[Site "Grand Rapids, MI"]
[Date "1999.01.10"]
[Round "5"]
[White "al-Shareef, Robert"]
[Black "Dorrington, Eldon"]
[Result "1/2-1/2"]
[WhiteElo "1770"]
[BlackElo "1605"]
[PlyCount "35"]
[EventDate "1999.01.09"]

1. Nf3 Nf6 2. g3 g6 3. Bg2 Bg7 4. d3 d6 5. O-O Nc6 6. e4 O-O 7. c3 e5 8. Re1
Bd7 9. a4 Qc8 10. Na3 h6 11. Nc4 Nd8 12. Qc2 Re8 13. Ne3 Ne6 14. h3 Nf8 15. Kh2
g5 16. d4 Ng6 17. Nf5 Nf8 18. dxe5 1/2-1/2